[Event "Castelldefels-C"]
[Site "Castelldefels"]
[Date "2001.??.??"]
[Round "4"]
[White "Ros Badia, Oriol"]
[Black "Pareja Rendon, Angel"]
[Result "1/2-1/2"]
[WhiteElo "1830"]
[BlackElo "1700"]
[PlyCount "124"]
[EventDate "2001.05.??"]
[EventType "tourn"]
[EventRounds "9"]
[EventCountry "ESP"]
[SourceTitle "EXT 2002"]
[Source "ChessBase"]
[SourceDate "2001.11.25"]
[SourceVersion "1"]
[SourceVersionDate "2001.11.25"]
[SourceQuality "1"]

1. d4 d5 2. c4 e6 3. Nc3 Nf6 4. Nf3 Be7 5. Bg5 Nbd7 6. e3 0-0 7. Bd3 h6 8. Bh4 c6 9. 0-0 b6 10. Rc1 c5 11. cxd5 exd5 12. dxc5 bxc5 13. Re1 Bb7 14. Qb3 Qb6 15. Qxb6 axb6 16. Bf5 Rfe8 17. Rcd1 Bc6 18. Bxd7 Nxd7 19. Bxe7 Rxe7 20. Nxd5 Bxd5 21. Rxd5 Rxa2 22. Rb1 Ra5 23. Nd2 Nf6 24. Rd6 Ra6 25. Nc4 Rb7 26. f3 Ne8 27. Rc6 Nc7 28. Nd6 Rba7 29. Nc8 Rb7 30. Rd1 Ra2 31. Rd2 Na8 32. Kf2 f6 33. Rd8+ Kh7 34. Rd2 Ra1 35. Kg3 Rc1 36. Rd3 b5 37. Rc3 Rxc3 38. bxc3 Rc7 39. Rxc7 Nxc7 40. Nd6 b4 41. cxb4 cxb4 42. Nc4 b3 43. Nb2 g5 44. e4 Kg6 45. Kg4 Ne6 46. h4 Nf4 47. hxg5 hxg5 48. g3 Ne6 49. Nd3 Nc5 50. Nb2 Na6 51. Kh3 Nb4 52. g4 Nc6 53. Kg3 Nd4 54. Kf2 Kf7 55. Ke3 Nc6 56. f4 Ke6 57. fxg5 fxg5 58. Nd3 Ne5 59. Nc5+ Kd6 60. Nxb3 Nxg4+ 61. Kf3 Ke5 62. Kxg4 Kxe4 1/2-1/2